Countries with Long Names Quiz Stats

 Plays Quiz Updated Jul 14, 2016

Also try: 5-Letter Countries
Challenge
Share
Tweet
Embed
Score 0/30 Timer 06:00
4 Plays Today
% Correct
United States
92.3%
Democratic Republic of the Congo
87.7%
United Kingdom
86.9%
United Arab Emirates
75.3%
St. Kitts and Nevis
74.1%
Central African Republic
73.4%
South Africa
73.3%
Republic of Congo
73.1%
Trinidad and Tobago
72.3%
Bosnia and Herzegovina
71.3%
Antigua and Barbuda
68.3%
Dominican Republic
67.6%
St. Vincent and the Grenadines
67.1%
Turkmenistan
66.4%
Afghanistan
65.1%
% Correct
Marshall Islands
62.8%
Papua New Guinea
62.1%
Saudi Arabia
61.7%
Liechtenstein
61.2%
São Tomé and Príncipe
59.2%
Solomon Islands
58.2%
Equatorial Guinea
57.4%
Vatican City
55.6%
Guinea-Bissau
53.7%
Philippines
51.7%
Switzerland
47.2%
Netherlands
42.8%
Côte d'Ivoire
42.8%
Burkina Faso
42.7%
Sierra Leone
36.3%

You're not logged in!

Compare scores with friends on all Sporcle quizzes.
OR
Log In

You Might Also Like...

Show Comments

Extras

Top Quizzes Today


Score Distribution

Your Account Isn't Verified!

In order to create a playlist on Sporcle, you need to verify the email address you used during registration. Go to your Sporcle Settings to finish the process.

Report this User

Report this user for behavior that violates our Community Guidelines.

Details: